Memoria presentada al Excmo. Sr. Ministro de Fomento / (Record no. 42692)

MARC details
000 -LEADER
campo de control de longitud fija 01558nam a2200313 i 4500
001 - NÚMERO DE CONTROL
campo de control 42692
003 - IDENTIFICADOR DE NÚMERO DE CONTROL
campo de control ES-MaACL
005 - FECHA Y HORA DE LA ÚLTIMA TRANSACCIÓN
campo de control 20250806030115.0
007 - CAMPO FIJO DE DESCRIPCIÓN FÍSICA--INFORMACIÓN GENERAL
campo de control de longitud fija t|
008 - DATOS DE LONGITUD FIJA--INFORMACIÓN GENERAL
campo de control de longitud fija 030313s1889 sp |||| | spa d
040 ## - FUENTE DE CATALOGACIÓN
Centro/agencia transcriptor ES-MaACL
080 ## - NÚMERO DE LA CLASIFICACIÓN DECIMAL UNIVERSAL
Número de la Clasificación Decimal Universal 341.96:347.78
100 1# - ENTRADA PRINCIPAL--NOMBRE DE PERSONA
Nombre de persona Castillo y Soriano, José del,
Fechas asociadas al nombre 1849-1928
9 (RLIN) 36778
245 10 - MENCIÓN DEL TÍTULO
Título Memoria presentada al Excmo. Sr. Ministro de Fomento /
Mención de responsabilidad, etc. por el secretario de la Asociación de Escritores y Artistas Españoles, D. José del Castillo y Soriano, representante de dicho Ministerio en el Congreso Literario y Artístico Internacional de Venecia, septiembre 1888.
246 3# - FORMA VARIANTE DEL TITULO
Título propio/Titulo breve Congreso Literario y Artístico Internacional de Venecia
260 ## - PUBLICACIÓN, DISTRIBUCIÓN, ETC.
Lugar de publicación, distribución, etc. Madrid :
Nombre del editor, distribuidor, etc. [s.n.],
Fecha de publicación, distribución, etc. 1889 (
Fabricante Tip. de Manuel Ginés Hernández)
300 ## - DESCRIPCIÓN FÍSICA
Extensión 47 p. ;
Dimensiones 23 cm.
500 ## - NOTA GENERAL
Nota general Con referencias al Congreso de 1887, celebrado en Madrid, y sus actividades en el Ateneo de Madrid
530 ## - NOTA DISPONIBLE DE FORMULARIO FÍSICO ADICIONAL
Nota de formato físico adicional disponible Disponible en formato digital
611 2# - PUNTO DE ACCESO ADICIONAL DE MATERIA--NOMBRE DE REUNIÓN/CONGRESO
Nombre de congreso/reunión o jurisdicción como elemento de entrada Congreso Literario Artístico Internacional.
Fecha del congreso o de la firma del tratado (1888.
Sede del congreso/Lugar de la reunión Venecia)
9 (RLIN) 140401
611 24 - PUNTO DE ACCESO ADICIONAL DE MATERIA--NOMBRE DE REUNIÓN/CONGRESO
Nombre de congreso/reunión o jurisdicción como elemento de entrada Congreso Literario Artístico Internacional
Sede del congreso/Lugar de la reunión (Madrid.
Fecha del congreso o de la firma del tratado 1887)
9 (RLIN) 494
650 #4 - PUNTO DE ACCESO ADICIONAL DE MATERIA--TÉRMINO DE MATERIA
Término de materia o nombre geográfico como elemento de entrada Propiedad intelectual (Derecho internacional)
9 (RLIN) 143426
710 2# - ENTRADA AGREGADA--NOMBRE DE ENTIDAD CORPORATIVA
Nombre de entidad corporativa o nombre de jurisdicción como elemento de entrada Asociación de Escritores y Artistas Españoles.
9 (RLIN) 1585
852 4# - LOCALIZACIÓN
Ubicación ES-MaACL
Número de control de estantería T-893-F-8
Nota libre - Sello del Ministerio de Fomento
856 4# - LOCALIZACIÓN Y ACCESO ELECTRÓNICOS
Identificador Uniforme de Recursos <a href="http://bdh-rd.bne.es/viewer.vm?id=0000103839&page=1 ">http://bdh-rd.bne.es/viewer.vm?id=0000103839&page=1 </a>
Nota pública Biblioteca Digital Hispánica
942 ## - ELEMENTOS DE ENTRADA SECUNDARIOS (KOHA)
Tipo de ítem Koha Folleto
Suprimir en OPAC No
Holdings
Estatus retirado Estado de pérdida Estado de daño No para préstamo Colección Biblioteca de origen Biblioteca actual Ubicación en estantería Fecha de adquisición Fuente de adquisición Total de préstamos Signatura topográfica completa Código de barras Visto por última vez Precio de reemplazo Tipo de ítem Koha
        Colección de folletos Biblioteca del Ateneo de Madrid Biblioteca del Ateneo de Madrid Depósito folletos 17/01/2008     T-893-F-8 1044942 23/02/2023 23/02/2023 Folleto